00686nam a2200169 i 4500001000700000003000900007005001700016008004100033040001300074100003200087245017000119260002900289300002800318600004600346651005300392852007100445155243ES-MaACL20251120140034.0940301s1839 sp |||| | spa d aAS bspa1 aHenningsen, Carl-Ferdinand.10aMemorias de Zumalacárregui y sobre las primeras campañas de Navarra / cestractadas de las que escribió un oficial inglés al servicio de D. Carlos por F.M.E. aMadrid : bBoix, c1839. a2 v. : bil. ; c16 cm.14aZumalacárregui, Tomás de, d1788-1835 4aEspaña-xHistoria-y1833-1840, Guerra carlista aES-MaACLjD-1439 z-- Enc. pasta española z-- Enc. 2 t. en 1 v.